Descobreix que Barcelona és molt més [llibreta]
Descripción Física:
50 pàgines : 15 cm
Idioma:
Catalán
MARC
| LEADER | 00000nam a2200000 4500 | ||
|---|---|---|---|
| 001 | 25761 | ||
| 008 | 220602b spa||||| |||| 00| 0 cat d | ||
| 080 | |a NBM-13-186 | ||
| 245 | |a Descobreix que Barcelona és molt més [llibreta] | ||
| 260 | |a Barcelona : |b Diputació de Barcelona, |c 2016 | ||
| 300 | |a 50 pàgines : |c 15 cm | ||
| 650 | 0 | |9 53147 |a Llibres en blanc | |
| 655 | 0 | |9 54934 |a Llibretes | |
| 710 | 2 | |9 51323 |a Barcelona és Molt Més |e marca turística | |
| 710 | 1 | |a Barcelona (Catalunya : Província). |b Diputació |9 52408 | |
| 942 | |2 udc |n 1 |c ARXIU | ||
| 952 | |0 0 |1 0 |4 0 |6 NBM13186 |7 1 |9 62151 |a Arxiu |b Arxiu |d 2022-06-02 |l 0 |o NBM-13-186 |p 25761 |r 2022-06-02 00:00:00 |w 2022-06-02 |y ARXIU | ||
| 999 | |c 81845 |d 81845 | ||